Doctrina procesal penal 2011

Na minha lista:
Detalhes bibliográficos
Autor Corporativo: Defensoría Penal Pública (Autor)
Formato: Livro
Idioma:espanhol
Publicado em: Santiago Centro de Documentación Defensoría Penal Pública 2012
coleção:Informes en Derecho, 10
Assuntos:
Tags: Adicionar Tag
Sem tags, seja o primeiro a adicionar uma tag!

MARC

LEADER 00000cam a2200000 a 4500
001 UCF7025
003 CL-VaPUC
008 130606e20121000CL |||||||||||||||||spa|d
020 |a 9789568349042o.c 
020 |a 9789568349240v.10 
082 0 4 |a 345.8305  |b DEF  |2 21 
110 2 |a Defensoría Penal Pública  |e author  |9 568994 
245 1 0 |a Doctrina procesal penal 2011 
300 |a 203 p 
942 |c BK 
945 |d 20130606 00:00:00  |a dcastane 
260 |a Santiago  |b Centro de Documentación Defensoría Penal Pública  |c 2012 
650 7 |a DERECHO PENAL  |2 CL-VaPUC  |9 11 
650 0 |a Derecho procesal penal  |9 255496 
650 0 |a Reforma procesal penal   |9 471095 
583 |a last modification  |c 20161215 05:30:18  |k Rodrigo Vera 
490 0 |a Informes en Derecho, 10 
999 |c 351985  |d 351983 
952 |0 0  |1 0  |4 0  |6 345_830500000000000_DEF_2012  |7 0  |8 A  |9 456462  |a BIBDER  |b BIBDER  |d 2019-11-22  |i 4971981  |l 1  |m 3  |o 345.8305 DEF 2012  |p 4971981  |q 2025-12-31  |r 2024-01-16  |s 2024-01-16  |w 2019-11-22  |y BK  |k DER 
952 |0 0  |1 0  |4 0  |6 345_830500000000000_DEF_2012  |7 0  |8 A  |9 456463  |a BIBDER  |b BIBDER  |d 2019-11-22  |i 4978498  |o 345.8305 DEF 2012  |p 4978498  |r 2023-01-25  |w 2019-11-22  |y BK  |k DER